Quiz 4e - Conquêtes et sociétés coloniales - Statistiques

Statistiques générales
  • Ce quiz a été pris 172 fois
  • Le résultat moyen est 7 sur 11
Statistiques - réponses
Hint Réponse % Correct
Comment appelle-t-on un habitant de la métropole venu s’installer dans une colonie ? Un colon
96%
Comment appelle-t-on un territoire conquis, occupé et dominé par une puissance étrangère ? Une colonie
86%
Comment appelle-t-on la conquête et la domination d’un territoire par une puissance étrangère ? La colonisation
83%
Contre quelle pratique, abolie en 1848, la France cherche-t-elle à lutter dans les colonies ? L'esclavage
78%
Comment appelle-t-on la puissance qui dirige une colonie ? La métropole
69%
Comment appelle-t-on une personne originaire du pays colonisé ? Un indigène
65%
A présent, comment appelle-t-on l’ensemble des territoires conquis et dominés par une puissance étrangère ? Un empire colonial
64%
Quel nom spécifique donne-t-on aux colons européens installés en Algérie ? Les pieds-noirs
59%
Comment appelle-t-on un religieux chargé de diffuser la religion chrétienne ? Un missionnaire
49%
Comment appelle-t-on un territoire colonisé, dans lequel s’installe un grand nombre d’habitants venus de métropole ? Une colonie de peuplement
43%
Quelle crise a opposé les Français aux Britanniques en 1898 au Soudan ? La crise de Fachoda
35%
Aucun quiz correspondant
Distribution des résultats
% des personnes avec chaque résultat
Percentile par nombre de réponses
Votre historique - résultats
Vous n’avez pas pris ce quiz